Historias en yo mayor / (Registro nro. 29513)

Detalles MARC
000 -LEADER
fixed length control field 01250nam a2200253 4500
003 - CONTROL NUMBER IDENTIFIER
control field OSt
005 - DATE AND TIME OF LATEST TRANSACTION
control field 20250729152118.0
008 - FIXED-LENGTH DATA ELEMENTS--GENERAL INFORMATION
fixed length control field 220706s2018 ck ao||er|||| 00| j spa d
020 ## - INTERNATIONAL STANDARD BOOK NUMBER
International Standard Book Number 9789585991316
040 ## - CATALOGING SOURCE
Original cataloging agency CO-JMCR
Transcribing agency CO-JMCR
041 #0 - LANGUAGE CODE
Language code of text/sound track or separate title spa
082 04 - DEWEY DECIMAL CLASSIFICATION NUMBER
Classification number A-C
Item number CONh
111 2# - MAIN ENTRY--MEETING NAME
Meeting name or jurisdiction name as entry element Concurso de Cuento y Narración Oral. Historias en yo mayor
Number of part/section/meeting (6to :
Date of meeting or treaty signing 2018 :
Location of meeting Bogotá)
9 (RLIN) 42403
245 10 - TITLE STATEMENT
Title Historias en yo mayor /
Statement of responsibility, etc. 6to Concurso de Cuento y Narración Oral
250 ## - EDITION STATEMENT
Edition statement Primera edición
260 ## - PUBLICATION, DISTRIBUTION, ETC.
Place of publication, distribution, etc. [Bogotá] :
Name of publisher, distributor, etc. Fundación Saldarriaga Concha : Fundación Fahrenhet 451,
Date of publication, distribution, etc. 2018
300 ## - PHYSICAL DESCRIPTION
Extent 192 páginas :
Other physical details ilustraciones y fotografias a color ;
Dimensions 17 cm.
505 0# - FORMATTED CONTENTS NOTE
Formatted contents note Herencia de mi pueblo. -- Narración oral. -- Cuento escrito. -- Ganadores. -- Menciones de honor. -- Finalistas.
520 0# - SUMMARY, ETC.
Summary, etc. Historias en Yo Mayor no solo es un concurso de cuento y narración oral, es un motor de memoria colectiva que ofrece la posibilidad de recordar a todas las personas mayores de 60 años del país. Pero ese no es su objetivo principal, detrás de los cerca de 1350 participantes.
650 14 - SUBJECT ADDED ENTRY--TOPICAL TERM
Topical term or geographic name entry element Narración oral
Geographic subdivision Colombia
9 (RLIN) 42108
650 24 - SUBJECT ADDED ENTRY--TOPICAL TERM
Topical term or geographic name entry element Cuentos colombianos
9 (RLIN) 42109
650 24 - SUBJECT ADDED ENTRY--TOPICAL TERM
Topical term or geographic name entry element Crónica
Geographic subdivision Colombia
9 (RLIN) 42110
942 ## - ADDED ENTRY ELEMENTS (KOHA)
Source of classification or shelving scheme Dewey Decimal Classification
Koha item type Books
Existencias
Withdrawn status Lost status Source of classification or shelving scheme Damaged status Not for loan Home library Current library Shelving location Date acquired Source of acquisition Total Checkouts Full call number Barcode Date last seen Date last checked out Copy number Price effective from Koha item type
    Dewey Decimal Classification     Biblioteca Pública José María del Castillo y Rada Biblioteca Pública José María del Castillo y Rada Processing Center 04/28/2022 Donación 5 A-C CONh 201811170 07/30/2025 07/29/2025 Ej.1 07/07/2022 Books